Research method in social relations (Record no. 367904)

000 -LEADER
fixed length control field 00367cam a22001217a 4500
008 - FIXED-LENGTH DATA ELEMENTS--GENERAL INFORMATION
fixed length control field 180718b1959 xxu||||| |||| 00| 0 eng d
082 ## - DEWEY DECIMAL CLASSIFICATION NUMBER
Classification number B084 Se48r/c.2
100 ## - MAIN ENTRY--PERSONAL NAME
Personal name Selltiz, Claire
245 ## - TITLE STATEMENT
Title Research method in social relations
Statement of responsibility, etc. by Claire Selltiz et.al.
260 ## - PUBLICATION, DISTRIBUTION, ETC.
Place of publication, distribution, etc. New York
Name of publisher, distributor, etc. Research Center
Date of publication, distribution, etc. 1959
300 ## - PHYSICAL DESCRIPTION
Extent xv, 622p
650 ## - SUBJECT ADDED ENTRY--TOPICAL TERM
Topical term or geographic name entry element Social sciences --Research.
Holdings
Withdrawn status Lost status Damaged status Not for loan Permanent Location Current Location Date acquired Full call number Barcode Date last seen Price effective from Koha item type
        Indian Institute of Public Administration Indian Institute of Public Administration 1899-12-30 B084 Se48r/c.2 18368 2018-07-21 2018-07-21 Book

Powered by Koha